000 00444nam a2200169Ia 4500
003 IN-BaIIA
008 211028s9999 xx 000 0 eng d
040 _cIIA Library
080 _a533
_bTAN
100 _aTanenbaum, B. Samuel
_96735
245 0 _aPlasma physics
_cB. Samuel Tanenbaum
260 _aNew York
_bMcGraw-Hill
_c1967
300 _a361p.
650 _aPlasma (Ionized gases)
_96736
650 _aPlasma physics
_93732
942 _cBK
999 _c3794
_d3794